00337nam a22001217a 4500008004100000082002400041245004100065260005300106300000900159440002000168942001200188999001500200230623b xxu||||| |||| 00| 0 eng d a330.96005bJAE 2004 aAfrican Economic Research Consortium bCentre for the Study of African Economies c2004 a359p n2v13x09638024 2ddccBK c2449d2449